000 00375nam a2200157Ia 4500
008 221030s9999 xx 000 0 und d
020 _a8173711135
041 _aEnglish
082 _a105.23
_bTru
100 _aTrust
245 0 _aStrategic Financial Risk Management
260 _bUniversity Press
_aHyderabad
_c2000
300 _a186
650 _aManagement
942 _cBK
999 _c2422
_d2422